Homes within reach : A guide to the planning, design, and construction of affordable homes and communities
Homes Within Reach provides the first systematic guide for planning, designing, and constructing modest, yet high-quality, homes. From siting and foundations to systems, layouts, and interior and exterior finishes, it covers dozens of design and construction techniques that promote housing quality w...
Kaydedildi:
| Yazar: | |
|---|---|
| Materyal Türü: | Kitap |
| Dil: | Undetermined |
| Baskı/Yayın Bilgisi: |
Hoboken, N.J.
J. Wiley
2005
|
| Konular: | |
| Etiketler: |
Etiketle
Etiket eklenmemiş, İlk siz ekleyin!
|
| Thư viện lưu trữ: | Trung tâm Học liệu Trường Đại học Cần Thơ |
|---|
| LEADER | 01169nam a2200229Ia 4500 | ||
|---|---|---|---|
| 001 | CTU_164626 | ||
| 008 | 210402s9999 xx 000 0 und d | ||
| 020 | |c 80.00 | ||
| 082 | |a 333.338 | ||
| 082 | |b F899 | ||
| 100 | |a Friedman, Avi | ||
| 245 | 0 | |a Homes within reach : | |
| 245 | 2 | |b A guide to the planning, design, and construction of affordable homes and communities | |
| 245 | 0 | |c Avi Friedman | |
| 260 | |a Hoboken, N.J. | ||
| 260 | |b J. Wiley | ||
| 260 | |c 2005 | ||
| 520 | |a Homes Within Reach provides the first systematic guide for planning, designing, and constructing modest, yet high-quality, homes. From siting and foundations to systems, layouts, and interior and exterior finishes, it covers dozens of design and construction techniques that promote housing quality with sensitivity to lowering costs. | ||
| 650 | |a Housing,Low-income housing,Architecture, Domestic,House construction,Nhà ở,Nhà ở thu nhập thấp,Kiến trúc, trong nước,Xây dựng Nhà | ||
| 650 | |x Planning,Cost effectiveness,Kế hoạch,Chi phí hiệu quả | ||
| 904 | |i Qhieu | ||
| 980 | |a Trung tâm Học liệu Trường Đại học Cần Thơ | ||